Name the Minecraft Updates - Statistics

General Stats
  • This quiz has been taken 390 times
    197 since last reset
  • The average score is 13 of 24
Answer Stats
Ver. Update Name % Correct
1.16 Nether Update
90%
1.17 Caves & Cliffs: Part I
86%
1.18 Caves & Cliffs: Part II
86%
1.13 Update Aquatic
79%
1.9 Combat Update
75%
1.14 Village & Pillage
74%
1.19 The Wild Update
59%
1.15 Buzzy Bees
55%
1.12 World of Color Update
54%
1.6 Horse Update
53%
1.5 Redstone Update
53%
1.21.0 Tricky Trials
51%
Beta 1.8 Adventure Update (Part 1)
50%
1.0 Adventure Update (Part 2)
50%
1.8 Bountiful Update
45%
1.7 The Update that Changed the World
43%
1.11 Exploration Update
42%
1.20 Trails & Tales
41%
1.4 Pretty Scary Update
39%
1.10 Frostburn Update
36%
1.21.5 Spring to Life
34%
1.21.4 The Garden Awakens
32%
1.21.6 Chase the Skies
31%
1.21.2 Bundles of Bravery
24%
No matching quizzes found
Score Distribution
Percent of People with Each Score
Percentile by Number Answered
Your Score History
You have not taken this quiz since the last reset